00795nam a2200253 a 4500001001300000003000900013005001700022008004100039020001100080082001800091100001800109245004300127260004900170300000900219500003500228505006700263650002400330650003000354700001800384902000800402942000700410952010900417999001500526nice12345678IN_TiNIC20260116012933.0050524s1971 swia grp 000 0 eng  ac4.9500a291.172bSAM2 aSamartha, S J aDialogue Between Men of Living Faiths. aSwitzerlandbWorld Council of Churchesc1971 a127p aincludes index and biblioraphy2 apapers presented a consultation held at ajaltoun, lebnaon 1970 aInterfaith Dialogue aWorld Council of Churches1 aSamartha, S J bSRS cBK 00104070aHMIbHMId2012-02-28g4.95l3o291.172 SAM2p014087r2020-02-26s2020-02-19w2026-01-16yEB c8973d8973